| 000 | 00535 a2200193 4500 | ||
|---|---|---|---|
| 005 | 20260130163146.0 | ||
| 008 | 260129b |||||||| |||| 00| 0 eng d | ||
| 020 |
_a9789369675814 _cRs. 4895.00 |
||
| 040 | _aMAIN | ||
| 082 |
_a320.954 _bJ199P |
||
| 100 | _aJaiswal, Piyush Kumar | ||
| 245 | _aPolitical process in contemporary India | ||
| 260 |
_bScientific Books International _c2026 _aNer Delhi |
||
| 300 | _a252 | ||
| 650 | _aPolitical Science | ||
| 650 | _aPolitical Process | ||
| 650 | _aContemporary India | ||
| 942 | _cBK | ||
| 999 |
_c395162 _d395162 |
||